Score 0/18 Timer 06:00
4 Plays Today
% Correct
And we're all missing out on a delicious berry
96.5%
And we have just been fooled this whole time
96.2%
And wrestlers are just the worst actors
95.8%
And helium brings it back to normal
94.9%
But we just can't see them
94.5%
And they are using us to find the 'x' so they can find the treasure
94.5%
But nobody is good enough to receive presents
94.5%
Were made in China
93.6%
Everything disappears
93%
% Correct
And the rest of the world sank
92.8%
But then there was the human apocalypse
89.8%
And you're just starting back at your last checkpoint
85.8%
And my milkshake had nothing to do with it
85.4%
Because I didn't forward those chain emails in 7th grade
83.5%
And it just takes 80 years to kill us
81.1%
And we've just been holding it upside down
80.5%
To discourage time travel
69.7%
Introducing himself in Spanish
58.2%
Remove Ads.
Support Sporcle.
Get the best of Sporcle when you Go Orange. This ad-free experience offers more features, more stats, and more fun while also helping to support Sporcle. Thank you for becoming a member.

You're not logged in!

Compare scores with friends on all Sporcle quizzes.
OR
Log In

Show Comments

Extras

Top Quizzes Today


Score Distribution

Your Account Isn't Verified!

In order to create a playlist on Sporcle, you need to verify the email address you used during registration. Go to your Sporcle Settings to finish the process.

Report this User

Report this user for behavior that violates our Community Guidelines.

Details: